00706nam a2200241 a 4500003000900000005001700009008004100026020001800067040001300085100003300098245007300131250001200204260006200216300002400278650001300302650001700315650001400332650001900346650001400365650002700379650003100406653002700437AR-BaBNM20251128210159.0082120s2002 ||||||||||||||000 | spa|| a968-24-3441-6 cAR-BaBNM1 aGarcía Martinez, Heriberto00aComunicación oral y escrita para maestrosbcuaderno de actividades a1ª ed. aMéxico, D.F.bTrillasbUniversidad Virtual, ITESMc1997 a125 p.bil., tablas 4aLENGUAJE 4aCOMUNICACION 4aREDACCION 4aEXPRESION ORAL 4aESCRITURA 4aPROCESO DE APRENDIZAJE 4aACTIVIDADES DE APRENDIZAJE aENSENANZA DE LA LENGUA